Personnages d'Assassin's Creed II - Statistiques

Statistiques générales
  • Ce quiz a été pris 131 fois
  • Le résultat moyen est 15 sur 43
Statistiques - réponses
Hint Réponse % Correct
Personnage principal au XVème siècle (1459 - 1524) Ezio Auditore da Firenze
97%
Personnage principal en 2012 Desmond Miles
80%
Meilleur ami du protagoniste, et inventeur de génie (1452 - 1519) Leonardo da Vinci
73%
Oncle du protagoniste, propriétaire de la villa familiale Mario Auditore da Firenze
70%
Maitre Templier espagnol devenu Pape Rodrigo Borgia
68%
Père du protagoniste, mort pendu en 1476 Giovanni Auditore da Firenze
67%
Petite soeur du protagoniste Claudia Auditore da Firenze
57%
Mère du protagoniste Maria Auditore da Firenze
53%
Secrètement assassine, elle était assistante à Abstergo Lucy Stillman
52%
Assassin et chef de la guilde des Voleurs à Florence Gilberto "La Volpe"
47%
Assassine spécialiste de l'Animus, et amie de Desmond Rebecca Crane
46%
Noble florentin très influent, et membre de l'Ordre des Templiers. Il est le doyen de la conjuration à laquelle il a donné son nom Jacopo de Pazzi
44%
Fils de ce dernier; membre du Rite romain de l'Ordre des Templiers noble de Florence, dernier né de sa famille. Ennemi d'Ezio depuis petit.
Vieri de Pazzi
43%
Noble florentin et Templier. Neveu de ce doyen Francesco de Pazzi
42%
Assassin informaticien, ami de Desmond Shaun Hastings
42%
Benjamin de la famille du protagoniste, mort pendu en 1476 Petruccio Auditore da Firenze
41%
Diplomate, homme d'État et un protecteur des Arts, ayant hérité du contrôle de la République de Florence Grand ami d'Ezio Lorenzo de Medici
40%
Aîné de la famille du protagoniste, mort pendu en 1476 Federico Auditore da Firenze
36%
Philosophe, politicien, Assassin, diplomate, musicien et dramaturge mais était avant tout un fervent défenseur de la République florentine. Niccolò Machiavelli
35%
Templier élu doge en 1485, cousin de ce dernier Marco Barbarigo
34%
Marchand et tyran vénitien, ainsi qu'un membre du Rite romain de l'Ordre des Templiers. Emilio Barbarigo
30%
Comtesse de Forlì et d'Imola. Amie d'Ezio et alliée précieuse des Assassins itlaiens Caterina Sforza
29%
Ancien ami de Giovanni, traître au service des Templiers Uberto Alberti
28%
Inquisiteur d'État de Venise, et cousin d'Emilio, de Marco et d'Agostino Silvio Barbarigo "Il Rosso"
26%
Soixante-quatorzième doge de Venise de 1486 jusqu'à sa mort. Plus jeune frère de Marco Barbarigo. Agostino Barbarigo
25%
Son nom de pape Alexandre VI
25%
Aristocrate florentine de la Renaissance dont la grande beauté lui valut l'attention de nombreux hommes. Grand amour d'Ezio Cristina Vespucci
23%
Assassin et chef des mercenaires de Venise et de Rome Bartolomeo d'Alviano
21%
Garde personnel de Marco Barbarigo Dante Moro
21%
Son frère, assassiné en 1478 par la Conjuration des Pazzi Giuliano de Medici
21%
Assassin et chef de la guilde des Voleurs à Venise Antonio de Magianis
19%
Assassine et Membre de la Guilde des Voleurs de Venise, puis tenancière de la Rose Fleurie. Amie d'Ezio Rosa
17%
Assassine et propriétaire de La Rose Cueillie à Florence Paola
16%
Prêtre dominicain et Dirigeant de Florence de 1494 à 1498. Malgré ses grandes ambitions, la plupart de ses hommes trouvait en lui un manque de capacités. Girolamo Savonarola
15%
Noble florentin reconverti en marchand. Coureur de jupon, dont Claudia fut la victime Duccio de Luca
14%
Templier appartenant à la Noblesse de Forlì Checco Orsi
9%
Son frère, lui aussi Templier appartenant à la Noblesse de Forlì Ludovico Orsi
9%
Courtisane de Venise, propriétaire d'une maison close et membre de la Confrérie des Assassins. Sœur Teodora Contanto
9%
Membre du Grand Conseil de Venise, du Conseil des Dix, ainsi qu'un membre du Rite romain de l'Ordre des Templiers. Carlo Grimaldi
8%
Moine florentin, employé de Lorenzo de' Medici, et l'un des conjurés Pazzi Antonio Maffei
7%
Banquier de la Famille Pazzi. impliqué dans la conjuration des Pazzi Bernardo Baroncelli
7%
Evêque de Pise, jaloux de Lorenzo de Medici, membre de la Conjuration des Pazzi Francesco Salviati
7%
Moine, secrétaire de Jacopo de Pazzi, et l'un des conjurés Pazzi Stefano da Bagnone
7%
Aucun quiz correspondant
Distribution des résultats
% des personnes avec chaque résultat
Percentile par nombre de réponses
Votre historique - résultats
Vous n’avez pas pris ce quiz